[Event "51st Belgrade WGM 2019"]
[Site "Belgrade"]
[Date "2019.03.23"]
[Round "7.1"]
[White "Drljevic, Ljilja"]
[Black "Dimitrova, Aleksandra"]
[Result "0-1"]
[WhiteElo "2188"]
[BlackElo "2259"]
[Annotator "NA"]
[PlyCount "84"]
[EventDate "2019.03.17"]
[EventType "tourn"]
[EventCountry "SRB"]
[SourceTitle "playchess.com"]
[Source "ChessBase"]
[SourceQuality "1"]
[TimeControl "40/5400+30:1800+30"]

1. g3 {[%emt 0:01:38]} d5 {[%emt 0:00:00]} 2. Bg2 {[%emt 0:00:07]} c6 {[%emt 0:00:00]} 3. Nf3 {[%emt 0:03:41]} Bg4 {[%emt 0:00:06]} 4. O-O {[%emt 0:00:33]} Nd7 {[%emt 0:00:27]} 5. c4 {[%emt 0:01:19] A07: Réti Opening: New York and Capablanca Systems} Bxf3 {[%emt 0:05:59]} 6. exf3 {[%emt 0:00:59]} dxc4 {[%emt 0:03:05]} 7. d3 $146 {[%emt 0:11:11]} ({Predecessor:} 7. Qe2 Nb6 8. Rd1 Qd3 9. Qe1 Nf6 10. a4 e6 11. a5 Nbd5 12. Na3 Bc5 {0-1 (29) Khismatullin,D (2617)-Vitiugov,N (2721) Sochi 2016}) 7... cxd3 {[%emt 0:02:56]} 8. Qxd3 {[%emt 0:00:55]} e6 {[%emt 0:03:34]} 9. Rd1 {[%emt 0:10:57]} Ngf6 {[%emt 0:01:28]} 10. Nc3 {[%emt 0:02:49]} Be7 {[%emt 0:04:37]} 11. f4 {[%emt 0:04:33]} g6 {[%emt 0:10:07]} 12. b4 {[%emt 0:04:04]} Nd5 {[%emt 0:06:00]} 13. Nxd5 {[%emt 0:15:27]} cxd5 {[%emt 0:01:49]} 14. f5 {[%emt 0:00:35]} Bf6 {[%emt 0:11:32]} 15. fxe6 {[%emt 0:11:30]} fxe6 {[%emt 0:01:52]} 16. Rb1 {[%emt 0:09:26]} O-O {[%emt 0:01:31]} 17. h4 {[%emt 0:03:55]} Rf7 {[%emt 0:05:24]} 18. Bh6 {[%emt 0:05:39]} Bg7 {[%emt 0:02:58]} 19. Bg5 {[%emt 0:00:36]} Qf8 {[%emt 0:02:13]} 20. Qe2 {[%emt 0:00:50]} Re8 {[%emt 0:02:34]} 21. Rbc1 {[%emt 0:01:32]} Ne5 {[%emt 0:03:33]} 22. Be3 {[%emt 0:03:09]} b6 {[%emt 0:03:26]} 23. a3 {[%emt 0:00:49]} Nc4 {[%emt 0:02:48]} 24. Rd3 {[%emt 0:02:02]} Bh6 {[%emt 0:04:20]} 25. Bxh6 {[%emt 0:00:44]} Qxh6 {[%emt 0:00:02]} 26. Re1 {[%emt 0:00:17]} Rfe7 {[%emt 0:09:11]} 27. Bh3 {[%emt 0:00:56]} Qg7 {[%emt 0:00:55]} 28. f4 {[%emt 0:01:55]} b5 {[%emt 0:03:05]} 29. Qf2 {[%emt 0:00:38]} a6 {[%emt 0:03:06]} 30. Re2 {[%emt 0:00:29]} Qa1+ {[%emt 0:00:37]} 31. Kh2 {[%emt 0:00:09]} Qf6 {[%emt 0:00:40]} 32. Qf3 {[%emt 0:01:15]} Kg7 {[%emt 0:00:32]} 33. Bg2 {[%emt 0:00:32]} Rd8 {[%emt 0:01:20]} 34. Qf2 {[%emt 0:01:04]} d4 {[%emt 0:01:11]} 35. Qe1 {[%emt 0:00:25]} e5 {[%emt 0:01:30]} 36. Re4 {[%emt 0:00:23]} Rde8 {[%emt 0:01:19]} 37. fxe5 {[%emt 0:00:46]} Nxe5 {[%emt 0:00:04]} 38. Rdxd4 {[%emt 0:00:37] [#]} Ng4+ $19 {[%emt 0:00:30] Pin} 39. Kh1 {[%emt 0:00:30]} Nf2+ {[%emt 0:01:08]} 40. Kh2 {[%emt 0:00:12]} Nxe4 {[%emt 0:00:17]} 41. Rxe4 {[%emt 0:30:28]} Rxe4 {[%emt 0:30:10]} 42. Bxe4 {[%emt 0:00:08]} Qd4 {[%emt 0:01:15]} 0-1

[Event "51st Belgrade WGM 2019"]
[Site "Belgrade"]
[Date "2019.03.24"]
[Round "8.1"]
[White "Dimitrova, Aleksandra"]
[Black "Srdanovic, Jovana"]
[Result "1-0"]
[WhiteElo "2259"]
[BlackElo "2077"]
[Annotator "TA"]
[PlyCount "65"]
[EventDate "2019.03.17"]
[EventType "tourn"]
[EventCountry "SRB"]
[SourceTitle "playchess.com"]
[Source "ChessBase"]
[SourceQuality "1"]

{[%evp 20,65,14,3,21,18,25,20,26,20,71,71,71,71,71,71,71,70,72,66,67,67,68,68,68,36,68,68,66,45,85,75,150,147,264,256,406,397,398,400,409,420,310,303,29975,29976,5900,5891]} 1. e4 e5 2. Nf3 Nc6 3. Bb5 a6 4. Ba4 Nf6 5. O-O Be7 6. d3 d6 {[%cal Bd7d6,Bd6d5,Bd5d4][%mdl 32]} 7. a3 {C84: Closed Ruy Lopez: Unusual White 6th moves} (7. c3 O-O 8. Re1 b5 9. Bc2 d5 10. Nbd2 d4 11. Nb3 dxc3 12. bxc3 a5 13. a4 b4 14. Bd2 Bg4 15. h3 Bxf3 16. Qxf3 bxc3 17. Bxc3 Bb4 18. Bxb4 Nxb4 {½-½ (30) Anand,V (2776)-Svidler,P (2760) Moscow 2018}) 7... O-O 8. h3 b5 9. Bb3 Be6 10. Nc3 Bxb3 11. cxb3 {LiveBook: 3 Games} d5 12. Bg5 $146 ({Predecessor:} 12. Qc2 Nd4 13. Nxd4 exd4 14. Nxd5 Nxd5 15. exd5 Qxd5 {1-0 (43) Fernandez Aguilar,F (2245)-Ramirez Garcia,L (2022) Sant Adria de Besos 2017}) 12... d4 13. Bxf6 Bxf6 14. Nd5 Rc8 (14... Nb8 $1 $11 {remains equal.}) 15. Rc1 $16 Nb8 16. b4 c6 17. Nxf6+ Qxf6 18. Nd2 Nd7 19. Nb3 Qe7 20. Nc5 Nxc5 21. Rxc5 a5 22. Qb3 axb4 23. Qxb4 Qe6 24. f4 {[%cal Bf2f4,Bf4f5][%mdl 32]} f6 25. f5 Qa2 (25... Qd7 $142) 26. Rfc1 Rc7 {[#]} (26... g6 $16 {was necessary.} 27. Kh2 gxf5) 27. Rxb5 $1 $18 {[%mdl 512]} cxb5 (27... h6 {is a better defense.} 28. Rb8 Rfc8 29. Rxc8+ Rxc8) 28. Rxc7 {KQR-KQR} Qb1+ 29. Kh2 {White threatens Qe7 and mate.} Qf1 {intending ...Qf4+.} 30. Qe7 {[%csl Gc7][%cal Re7g7]} Qf4+ 31. Kg1 {[%csl Gc7][%cal Re7g7]} Qg3 $2 {[#]} (31... Qh6 $18 32. b3 g6 33. fxg6 Qxg6) 32. Qe6+ $1 Kh8 33. Rc8 {Accuracy: White = 87%, Black = 37%.} 1-0

[Event "51st Belgrade WGM 2019"]
[Site "Belgrade"]
[Date "2019.03.24"]
[Round "8.2"]
[White "Chelushkina, Irina"]
[Black "Drljevic, Ljilja"]
[Result "0-1"]
[WhiteElo "2277"]
[BlackElo "2188"]
[Annotator "TA"]
[PlyCount "146"]
[EventDate "2019.03.17"]
[EventType "tourn"]
[EventCountry "SRB"]
[SourceTitle "playchess.com"]
[Source "ChessBase"]
[SourceQuality "1"]

{[%evp 9,146,35,42,41,33,10,30,-34,-7,-23,-7,-24,-17,-39,-37,-58,-55,-57,-62,-70,-44,-47,-17,-20,4,0,10,0,0,0,16,0,0,-6,31,-10,6,-31,0,0,0,0,10,0,70,60,70,57,120,123,130,37,108,98,98,101,135,22,39,0,0,0,0,-85,-87,-116,-68,-69,-58,-88,-50,-89,-46,-29,-26,-22,-16,-33,-22,-145,-135,-183,-181,-154,-139,-136,-119,-195,-127,-205,-208,-224,-195,-244,-234,-243,-229,-275,-265,-246,-266,-295,-299,-304,-303,-310,-287,-230,0,-315,-312,-365,-365,-329,-327,-327,-320,-279,0,-320,0,-229,0,-326,-314,-286,-281,-443,-443,-418,-397,-426,-411,-418,-389,-504,-508,-425,-414]} 1. e4 g6 2. d4 Bg7 3. Nc3 d6 4. Nge2 Nc6 5. d5 Ne5 6. f4 {B06: Modern Defence} Nd7 7. Nd4 (7. Be3 Ngf6 8. h3 O-O 9. g4 c6 10. Bg2 Nb6 11. dxc6 bxc6 12. b3 Ba6 13. Qd2 {½-½ (52) Socko,B (2654)-Shomoev,A (2581) Yerevan 2014}) 7... Ngf6 8. Nf3 $146 (8. Be3 $11) ({Predecessor:} 8. Be2 c6 9. Be3 cxd5 10. exd5 O-O 11. Bf3 Nb6 12. Qd3 Bg4 13. O-O Rc8 14. Rad1 Nc4 15. Bc1 Bxf3 16. Rxf3 Qa5 17. b3 Nb6 18. Nde2 Ng4 19. g3 Qc5+ {½-½ (19) Van der Werf,M (2432)-Piket,M (2345) Netherlands 2000}) 8... O-O 9. Bc4 Nb6 10. Bb3 c6 11. dxc6 bxc6 {[%cal Bb7c6,Bc6d5][%mdl 32]} 12. e5 Nfd5 13. Nxd5 cxd5 14. O-O dxe5 15. Nxe5 Ba6 16. Re1 Rc8 17. Be3 Qc7 18. Bd4 Nc4 19. Qf3 Bb7 {Threatening ...f6.} 20. Qe2 a5 21. c3 Ba6 22. Qf2 (22. Bxc4 $5 Bxc4 23. Qe3 $11) 22... Rb8 23. Rab1 Rb7 24. Nd3 Bxd4 25. cxd4 Rb6 26. Nc5 Bc8 (26... e6 $11) 27. Rbc1 $14 Rf6 28. g3 Bb7 (28... Rb6 $14) 29. Qe2 Re8 30. Red1 (30. Ba4 $1 $16 {[%cal Ra4e8]} Bc6 31. b3) 30... Ba8 (30... Rb6 $14) 31. Ba4 $1 $16 {[%cal Ra4e8]} ({Much weaker is} 31. Bxc4 $6 dxc4 32. h3 (32. Rxc4 Qc6 $11) (32. Qxc4 Rd8 $11) 32... g5 $15) 31... Bc6 32. b3 $1 {aiming for Bxc6.} Nb6 33. Qe5 (33. Bxc6 $1 $16 Rxc6 34. Qb5) 33... Qc8 $11 34. Qe1 Nxa4 35. bxa4 Qg4 36. Rd3 (36. Qd2 $11 {keeps the balance.}) 36... Rxf4 $1 $17 37. Qd1 Qxd1+ 38. Rcxd1 Rf6 39. Re1 Kf8 40. Rde3 h5 41. Rb1 Ra8 42. Rb6 Ra7 43. Rb8+ Kg7 44. Rc8 (44. h4 $11 {remains equal.}) 44... Bd7 $1 {[%cal Rd7c8]} 45. Nxd7 Rxd7 {[%mdl 4096] Endgame KRR-KRR} 46. Rc5 Ra6 47. Rb3 Kf6 48. h4 {[#]} (48. Kf2 $17 {keeps fighting.}) 48... g5 ({Black should play} 48... Kf5 $1 $19 49. Re3 f6) 49. Rf3+ {[#]} (49. Kf2 $17 {was necessary.}) 49... Kg6 $1 $19 50. hxg5 e6 51. Kg2 Ra8 ({Don't play} 51... Kxg5 52. Rfc3 $17) 52. Rb3 Kxg5 53. Rbb5 Rda7 54. Kf3 Kf5 55. Rc2 Rg8 56. Rh2 Kg5 57. Rc5 Rg6 58. Rh1 Rg8 $2 ({Better is} 58... Rf6+ $19 59. Kg2 Ra8) 59. Rb1 $2 {[%mdl 8192]} (59. Rh2 $1 $11 {and White stays safe.}) 59... Kf6 60. Rf1 Rg4 61. Rd1 Ke7 62. Rd3 Kd6 63. Rb5 Ke7 $2 ({Black should try} 63... f5 $19 {Threatens to win with ...Ke7.} 64. Re3 Ra6) 64. Ke2 $2 {[%mdl 8192]} (64. Rc5 $1 $11 {and White has nothing to worry.}) 64... Kd6 $2 (64... h4 $19 65. gxh4 Rxh4) 65. Rb6+ $2 (65. Kf3 $1 $11) 65... Ke7 (65... Kd7 $142 66. Rb5 h4 67. gxh4 Rxh4) 66. Rb5 h4 67. gxh4 Rxh4 68. a3 (68. Kd1 $142) 68... Rc7 69. Kf2 Rc4 70. Rxa5 Rhxd4 71. Ra7+ Kd6 72. Rb3 Rf4+ 73. Kg3 Rxa4 {Accuracy: White = 36%, Black = 51%.} 0-1

[Event "51st Belgrade WGM 2019"]
[Site "Belgrade"]
[Date "2019.03.24"]
[Round "8.2"]
[White "Chelushkina, Irina"]
[Black "Michelle Catherina, P."]
[Result "0-1"]
[WhiteElo "2277"]
[BlackElo "2175"]
[Annotator "NA"]
[PlyCount "58"]
[EventDate "2019.03.17"]
[EventType "tourn"]
[EventCountry "SRB"]
[SourceTitle "playchess.com"]
[Source "ChessBase"]
[SourceQuality "1"]
[TimeControl "40/5400+30:1800+30"]

1. e4 {[%emt 0:00:00]} e5 {[%emt 0:02:18]} 2. Nf3 {[%emt 0:00:00]} Nc6 {[%emt 0:00:06]} 3. d3 {[%emt 0:00:00]} g6 {[%emt 0:00:08]} 4. Be2 {[%emt 0:00:00]} Bg7 {[%emt 0:00:27]} 5. O-O {[%emt 0:00:00]} Nge7 {[%emt 0:00:21]} 6. c3 {[%emt 0:00:00]} O-O {[%emt 0:00:37]} 7. a4 {[%emt 0:01:18]} a5 {[%emt 0:02:11]} 8. Na3 {[%emt 0:00:06]} d5 {[%emt 0:06:27]} 9. Nb5 {[%emt 0:00:17]} h6 {[%emt 0:03:22]} 10. Be3 {[%emt 0:10:11]} Be6 {[%emt 0:03:00]} 11. Qc1 {[%emt 0:01:15]} Kh7 {[%emt 0:07:50]} 12. Nd2 {[%emt 0:02:05]} f5 {[%emt 0:05:42]} 13. f3 {[%emt 0:00:26]} Qd7 {[%emt 0:05:48]} 14. Bf2 {[%emt 0:13:28]} Rad8 {[%emt 0:04:36]} 15. c4 {[%emt 0:06:29]} dxe4 {[%emt 0:07:00]} 16. fxe4 {[%emt 0:01:12]} Nb4 {[%emt 0:02:09]} 17. Nb3 {[%emt 0:07:31]} b6 {[%emt 0:09:25]} 18. Rd1 {[%emt 0:00:35]} fxe4 {[%emt 0:11:34]} 19. dxe4 {[%emt 0:00:10]} Qc6 {[%emt 0:01:09]} 20. Rxd8 {[%emt 0:00:22]} Rxd8 {[%emt 0:00:02]} 21. Qf1 {[%emt 0:09:31]} Ng8 {[%emt 0:06:52]} 22. Rc1 {[%emt 0:13:39]} Nf6 {[%emt 0:03:29]} 23. h3 {[%emt 0:14:03]} Nxe4 {[%emt 0:09:38]} 24. Bf3 {[%emt 0:00:04]} Nd3 {[%emt 0:03:53]} 25. Rc2 {[%emt 0:09:21]} Ndxf2 {[%emt 0:01:39]} 26. Qxf2 {[%emt 0:00:37]} Rd1+ {[%emt 0:00:43]} 27. Kh2 {[%emt 0:00:01]} Rh1+ {[%emt 0:00:28]} 28. Kxh1 {[%emt 0:00:09]} Nxf2+ {[%emt 0:00:04]} 29. Rxf2 {[%emt 0:00:01]} e4 {[%emt 0:02:23]} 0-1

[Event "51st Belgrade WGM 2019"]
[Site "Belgrade"]
[Date "2019.03.24"]
[Round "8.3"]
[White "Michelle Catherina, P."]
[Black "Voiska, Margarita"]
[Result "0-1"]
[WhiteElo "2175"]
[BlackElo "2203"]
[Annotator "TA"]
[PlyCount "60"]
[EventDate "2019.03.17"]
[EventType "tourn"]
[EventCountry "SRB"]
[SourceTitle "playchess.com"]
[Source "ChessBase"]
[SourceQuality "1"]

{[%evp 13,60,32,37,23,34,33,45,33,75,20,85,22,34,6,30,25,35,0,0,0,133,0,0,0,51,54,55,61,57,-1,-22,-113,-60,-71,-61,-200,-143,-212,-204,-461,-119,-554,-337,-747,-659,-977,-934,-1494,-1370]} 1. e4 g6 2. d4 Bg7 3. Nc3 c6 4. Nf3 d5 5. h3 Nh6 6. Bd3 f6 7. Bxh6 {B15: Caro-Kann: 3 Nc3: 3...g6 and 3...dxe4 4 Nxe4 Nf6 5 Nxf6+ exf6} (7. O-O O-O 8. Re1 Nf7 9. Bf1 b6 10. b3 e6 11. a4 Ba6 12. Ba3 Re8 13. Bd3 Bxd3 14. Qxd3 a5 15. Rad1 Na6 16. h4 Nb4 17. Qd2 {1-0 (69) Sanal,V (2490)-Laznicka,V (2675) Skopje 2018}) 7... Bxh6 {LiveBook: 4 Games} 8. O-O O-O 9. Re1 {White is slightly better.} e6 10. h4 $146 {[%cal Bh3h4,Bh4h5,Bh5h6][%mdl 32]} ({Predecessor:} 10. Ne2 b6 11. c4 Bb7 12. Nc3 Na6 13. cxd5 cxd5 14. Qb3 Nc7 15. a4 dxe4 16. Bxe4 Bxe4 17. Rxe4 {1-0 (37) Bryzgalin,K (2391)-Krassilnikov,E (2266) Togliatti 2001}) 10... Bg7 11. Qe2 (11. Qd2 $16) 11... Na6 (11... f5 $11) 12. a3 (12. Bxa6 $16 bxa6 13. Rad1) 12... Nc7 $11 13. Rad1 Bd7 14. Qd2 Ne8 15. h5 {Threatens to win with hxg6.} g5 $1 16. e5 g4 {[#]} (16... h6 $11 {keeps the balance.}) 17. exf6 (17. Nh2 $1 $16) 17... gxf3 18. fxg7 Nxg7 (18... Kxg7 $11 19. g3 Qf6) 19. Re5 $14 Qf6 20. h6 Ne8 21. Rde1 ({White should try} 21. Qe3 $14) 21... Kh8 $40 {[%mdl 128] Black mounts an attack.} 22. Na4 (22. g3 $11) 22... Rg8 (22... fxg2 $17 23. Rg5 Qxd4) 23. g3 $15 {[#] Hoping for Nc5.} b6 24. c4 (24. Qe3 $15) 24... Nd6 25. cxd5 (25. Rh5 $17 {keeps fighting.}) 25... cxd5 26. Nc3 $2 (26. Kf1 {only move.}) 26... Nf7 $2 (26... Qh4 $19 {...Rxg3+! is the strong threat.} 27. Rc1 Raf8) 27. R5e3 $2 {[%mdl 8192]} (27. Nxd5 $17 exd5 28. Re7) 27... Nxh6 28. Qc2 $2 (28. Bf1 Ng4 29. Rd3) 28... Ng4 $19 {Black is clearly winning.} 29. a4 Raf8 {Strongly threatening ...Qh6.} 30. Qd1 Qh6 {Precision: White = 16%, Black = 60%.} 0-1

[Event "51st Belgrade WGM 2019"]
[Site "Belgrade"]
[Date "2019.03.24"]
[Round "8.3"]
[White "Srdanovic, Jovana"]
[Black "Djukic, Sandra"]
[Result "1/2-1/2"]
[WhiteElo "2077"]
[BlackElo "2157"]
[Annotator "NA"]
[PlyCount "93"]
[EventDate "2019.03.17"]
[EventType "tourn"]
[EventCountry "SRB"]
[SourceTitle "playchess.com"]
[Source "ChessBase"]
[SourceQuality "1"]
[TimeControl "40/5400+30:1800+30"]

1. d4 {[%emt 0:00:00]} Nf6 {[%emt 0:00:00]} 2. c4 {[%emt 0:00:00]} e6 {[%emt 0:00:00]} 3. Nc3 {[%emt 0:00:00]} Bb4 {[%emt 0:00:04]} 4. e3 {[%emt 0:00:00]} O-O {[%emt 0:00:10]} 5. Nge2 {[%emt 0:00:00]} Re8 {[%emt 0:00:08]} 6. a3 {[%emt 0:00:05]} Bf8 {[%emt 0:00:14]} 7. Ng3 {[%emt 0:00:09]} d5 {[%emt 0:00:52]} 8. Be2 {[%emt 0:00:07]} dxc4 {[%emt 0:09:17]} 9. Bxc4 {[%emt 0:02:36]} c5 {[%emt 0:02:31]} 10. O-O {[%emt 0:00:47]} cxd4 {[%emt 0:01:14]} 11. exd4 {[%emt 0:00:07]} Nc6 {[%emt 0:05:38]} 12. Be3 {[%emt 0:02:25]} a6 {[%emt 0:34:22]} 13. Ba2 {[%emt 0:31:24]} Bd6 {[%emt 0:15:45]} 14. Rc1 {[%emt 0:02:34]} Bc7 {[%emt 0:21:03]} 15. d5 {[%emt 0:08:05]} exd5 {[%emt 0:00:07]} 16. Nxd5 {[%emt 0:00:10]} Nxd5 {[%emt 0:00:21]} 17. Bxd5 {[%emt 0:01:10]} Qf6 {[%emt 0:03:44]} 18. Qb3 {[%emt 0:02:55]} Be5 {[%emt 0:01:45]} 19. Ne4 {[%emt 0:03:13]} Qg6 {[%emt 0:00:53]} 20. Ng5 {[%emt 0:00:25]} Nd8 {[%emt 0:00:49]} 21. Qa4 {[%emt 0:08:39]} Rf8 {[%emt 0:00:50]} 22. Qb3 {[%emt 0:33:46]} h6 {[%emt 0:00:24]} 23. Nf3 {[%emt 0:00:05]} Bf6 {[%emt 0:00:28]} 24. Rc7 {[%emt 0:01:12]} Ne6 {[%emt 0:00:13]} 25. Bxe6 {[%emt 0:00:59]} Bxe6 {[%emt 0:00:04]} 26. Qxb7 {[%emt 0:00:12]} Rab8 {[%emt 0:00:53]} 27. Qxa6 {[%emt 0:00:48]} Bd5 {[%emt 0:00:48]} 28. Ne1 {[%emt 0:00:15]} Rxb2 {[%emt 0:00:32]} 29. Qd6 {[%emt 0:00:50]} Qe4 {[%emt 0:00:40]} 30. Qf4 {[%emt 0:00:52]} Qg6 {[%emt 0:00:36]} 31. Qg3 {[%emt 0:00:25]} Qxg3 {[%emt 0:00:30]} 32. hxg3 {[%emt 0:00:05]} Ra8 {[%emt 0:00:21]} 33. Nf3 {[%emt 0:00:22]} Bxf3 {[%emt 0:00:41]} 34. gxf3 {[%emt 0:00:07]} Rb3 {[%emt 0:00:24]} 35. Rd1 {[%emt 0:01:48]} Be5 {[%emt 0:00:31]} 36. Re7 {[%emt 0:00:09]} Bf6 {[%emt 0:00:25]} 37. Rc7 {[%emt 0:00:34]} Be5 {[%emt 0:00:37]} 38. Re7 {[%emt 0:00:10]} Bf6 {[%emt 0:00:14]} 39. Rc7 {[%emt 0:00:23]} Rbxa3 {[%emt 0:00:24]} 40. Kg2 {[%emt 0:00:45]} Re8 {[%emt 0:00:49]} 41. Rdd7 {[%emt 0:30:51]} Ra2 {[%emt 0:05:12]} 42. Ba7 {[%emt 0:00:00]} Be5 {[%emt 0:05:18]} 43. Rb7 {[%emt 0:00:00]} f5 {[%emt 0:00:29]} 44. f4 {[%emt 0:00:00]} Bf6 {[%emt 0:00:59]} 45. Rb5 {[%emt 0:00:00]} Ra8 {[%emt 0:05:05]} 46. Be3 {[%emt 0:00:00]} R2a5 {[%emt 0:01:55]} 47. Rdd5 {[%emt 0:00:00]} 1/2-1/2

[Event "51st Belgrade WGM 2019"]
[Site "Belgrade"]
[Date "2019.03.24"]
[Round "8.4"]
[White "Prudnikova, Svetlana"]
[Black "Strutinskaia, Galina"]
[Result "1/2-1/2"]
[WhiteElo "2233"]
[BlackElo "2225"]
[Annotator "NA"]
[PlyCount "25"]
[EventDate "2019.03.17"]
[EventType "tourn"]
[EventCountry "SRB"]
[SourceTitle "playchess.com"]
[Source "ChessBase"]
[SourceQuality "1"]
[TimeControl "40/5400+30:1800+30"]

1. d4 {[%emt 0:00:00]} Nf6 {[%emt 0:00:00]} 2. g3 {[%emt 0:00:00]} d5 {[%emt 0:00:00]} 3. Bg2 {[%emt 0:00:00]} c6 {[%emt 0:00:01]} 4. Nf3 {[%emt 0:00:00]} Bf5 {[%emt 0:00:14]} 5. O-O {[%emt 0:00:25]} e6 {[%emt 0:00:06]} 6. b3 {[%emt 0:00:11]} Nbd7 {[%emt 0:00:58]} 7. Bb2 {[%emt 0:00:06]} b5 {[%emt 0:00:33]} 8. Nbd2 {[%emt 0:00:15]} h6 {[%emt 0:00:44]} 9. c4 {[%emt 0:00:23]} Be7 {[%emt 0:00:14]} 10. Ne5 {[%emt 0:00:21]} Nxe5 {[%emt 0:00:12]} 11. dxe5 {[%emt 0:00:26]} Nd7 {[%emt 0:00:07]} 12. cxb5 {[%emt 0:00:20]} cxb5 {[%emt 0:00:04]} 13. e4 {[%emt 0:00:06]} 1/2-1/2

[Event "51st Belgrade WGM 2019"]
[Site "Belgrade"]
[Date "2019.03.24"]
[Round "8.4"]
[White "Djukic, Sandra"]
[Black "Prudnikova, Svetlana"]
[Result "0-1"]
[WhiteElo "2157"]
[BlackElo "2233"]
[Annotator "TA"]
[PlyCount "94"]
[EventDate "2019.03.17"]
[EventType "tourn"]
[EventCountry "SRB"]
[SourceTitle "playchess.com"]
[Source "ChessBase"]
[SourceQuality "1"]

{[%evp 13,94,41,55,0,0,0,0,0,32,0,111,133,122,114,132,133,166,175,287,229,220,229,313,283,277,213,241,141,303,304,307,324,306,303,383,382,347,358,421,425,634,613,1031,1037,1023,995,914,695,581,164,168,170,154,144,431,171,170,0,396,272,225,227,207,203,204,201,182,-97,-104,-104,-106,-100,-108,-230,-237,-716,-688,-713,-719,-784,-778,-1084,-737]} 1. d4 Nf6 2. c4 e6 3. Nf3 c5 4. d5 exd5 5. cxd5 d6 6. Nc3 g6 7. Bf4 Bg7 8. Nd2 {A61: Modern Benoni: Nf3 without early e4} (8. e4 $14) (8. e3 O-O 9. h3 Qe7 10. Nd2 Nh5 11. Bh2 f5 12. Be2 f4 13. O-O fxe3 14. Nde4 exf2+ 15. Kh1 Bxc3 16. Nxc3 {0-1 (49) Xiong,J (2665)-Caruana,F (2804) Saint Louis 2018}) 8... Nh5 $11 9. Qa4+ $1 Kf8 10. Be3 {The position is equal.} f5 $146 ({Predecessor:} 10... Nd7 11. Nc4 Ne5 12. Nxe5 Bxe5 13. h3 Bd7 14. Qc2 f5 15. g4 Nf6 16. gxf5 Bxf5 {1-0 (36) Banusz,T (2529)-Flumbort,A (2540) Szombathely 2010}) 11. g4 Bd7 (11... fxg4 $11 12. Rd1 Nd7) 12. Qb3 $16 f4 13. Bxc5 $1 (13. gxh5 $6 fxe3 14. fxe3 Qh4+ 15. Kd1 b6 $11) 13... dxc5 14. gxh5 Na6 15. Bg2 $36 {[%mdl 2048] White is on the roll.} Qg5 (15... b5 {is a better defense.} 16. Nce4 (16. Nxb5 gxh5 17. a4 Rb8 $16) 16... Rb8) 16. Bf3 b5 17. Nde4 Qh4 18. Rc1 (18. Nxb5 Rb8 $18) 18... Bd4 19. O-O (19. Nxb5 Rb8 $18) 19... g5 {With the idea ...g4.} 20. Bg2 ({Don't do} 20. Nxb5 $6 Rb8) ({Better is} 20. Qa3 $18 g4 21. Qxa6 gxf3 22. Qh6+ Ke7 23. Kh1 (23. exf3 $2 Rag8+ 24. Kh1 Rg6 $19 {[%mdl 64] Pin})) 20... g4 $2 (20... Be5 $16) 21. e3 $1 $18 {[%cal Re3d4]} (21. Nxb5 Be5 $16) 21... Be5 22. exf4 Bxf4 {[%csl Gf4][%cal Rh4h2]} 23. Ng3 Bxc1 24. Rxc1 Qg5 25. Rd1 Rc8 26. Nce4 Qf4 (26... Qe5 $142 27. Qa3 Nb8 28. Nxc5 Kg8) 27. Qa3 Qh6 28. d6 Nb8 29. Nxc5 Rg8 30. Qxa7 Rg7 31. Qb7 $2 (31. Qc7 Re8 32. Bd5) 31... Rxc5 32. Qxb8+ Rc8 33. Qb6 Rg5 $2 {[%mdl 8192]} (33... Qf4 $16 34. Be4 Re8) 34. Qb7 $2 (34. Qe3 Re8 35. Qc1) 34... Rg7 35. Qb6 $2 (35. Be4) 35... Rg5 $1 36. Qd4 Qg7 {intending ...Qxd4.} 37. Qf4+ Kg8 38. Bd5+ Kh8 39. b4 Qe5 40. Qd4 $2 ({White should try} 40. Qd2 $1 $18) 40... Qxd4 $17 41. Rxd4 {Hoping for Ne4.} Rc1+ $1 42. Nf1 Rxh5 43. Bb7 {[#]} (43. Kg2 $17 {was necessary.}) 43... Re5 $1 $19 44. Kg2 $2 {[#]} (44. Re4 Rxe4 45. Bxe4) 44... Ree1 $1 {Black is clearly winning.} 45. Rf4 Rxf1 {[%csl Gc1][%cal Rf1g1]} 46. Kg3 Rc3+ 47. Kh4 Rd1 {Accuracy: White = 34%, Black = 47%.} 0-1

[Event "51st Belgrade WGM 2019"]
[Site "Belgrade"]
[Date "2019.03.24"]
[Round "8.5"]
[White "Strutinskaia, Galina"]
[Black "Benderac, Ana"]
[Result "0-1"]
[WhiteElo "2225"]
[BlackElo "2204"]
[Annotator "NA"]
[PlyCount "52"]
[EventDate "2019.03.17"]
[EventType "tourn"]
[EventCountry "SRB"]
[SourceTitle "playchess.com"]
[Source "ChessBase"]
[SourceQuality "1"]
[TimeControl "40/5400+30:1800+30"]

1. c4 {[%emt 0:00:00]} Nf6 {[%emt 0:00:00]} 2. Nf3 {[%emt 0:00:00]} e6 {[%emt 0:00:22]} 3. b3 {[%emt 0:01:54]} d5 {[%emt 0:01:46]} 4. Bb2 {[%emt 0:00:36]} Be7 {[%emt 0:01:00]} 5. e3 {[%emt 0:01:05]} O-O {[%emt 0:00:25]} 6. Be2 {[%emt 0:00:44]} b6 {[%emt 0:07:14]} 7. O-O {[%emt 0:04:50]} Bb7 {[%emt 0:05:35]} 8. Qc2 {[%emt 0:01:52]} c5 {[%emt 0:01:53]} 9. cxd5 {[%emt 0:02:33]} Nxd5 {[%emt 0:00:44]} 10. a3 {[%emt 0:02:22]} Bf6 {[%emt 0:02:43]} 11. Nc3 {[%emt 0:01:18]} Nxc3 {[%emt 0:02:29]} 12. dxc3 {[%emt 0:02:17]} Nd7 {[%emt 0:01:42]} 13. Bd3 {[%emt 0:13:20]} g6 {[%emt 0:07:48]} 14. Be4 {[%emt 0:01:54]} Bxe4 {[%emt 0:00:25]} 15. Qxe4 {[%emt 0:00:02]} Qc7 {[%emt 0:00:19]} 16. Nd2 {[%emt 0:03:26]} Rfd8 {[%emt 0:26:46]} 17. f4 {[%emt 0:00:21]} c4 {[%emt 0:02:05]} 18. Qxc4 {[%emt 0:00:45]} Qxc4 {[%emt 0:00:21]} 19. Nxc4 {[%emt 0:01:00]} Nc5 {[%emt 0:00:13]} 20. Rad1 {[%emt 0:08:10]} Nxb3 {[%emt 0:02:30]} 21. e4 {[%emt 0:01:06]} Be7 {[%emt 0:03:14]} 22. Rfe1 {[%emt 0:05:55]} Rac8 {[%emt 0:03:15]} 23. Rxd8+ {[%emt 0:00:49]} Rxd8 {[%emt 0:00:05]} 24. a4 {[%emt 0:12:41]} Nd2 {[%emt 0:05:05]} 25. Ba3 {[%emt 0:01:52]} Bh4 {[%emt 0:01:29]} 26. g3 {[%emt 0:01:33]} Nxc4 {[%emt 0:00:12]} 0-1